000 00347 a2200157 4500
001 18048
020 _a9788598866482
040 _cAnchieta - Bela Vista
100 _aSouza, Adelice
240 1 0 _aCecéu, Poeta do Céu
_lpor
245 1 0 _aCecéu, Poeta do Céu
300 _a32
362 0 _a2015
650 4 _aLiteratura juvenil
942 _cBK
999 _c18048
_d18048